书目信息 |
| 题名: |
青少年Pascal语言程序设计
|
|
| 作者: | 殷新春 , 唐策善 编著 | |
| 分册: | ||
| 出版信息: | 合肥 中国科学技术大学出版社 1993.9 |
|
| 页数: | 538页 | |
| 开本: | 20cm | |
| 丛书名: | ||
| 单 册: | ||
| 中图分类: | TP64 | |
| 科图分类: | 73.87221 | |
| 主题词: | Pascal语言-程序设计--普及读物 , 程序设计-Pascal语言--普及读物 , 射流装置--执行机构 | |
| 电子资源: | ||
| ISBN: | 7-312-00502-0 | |
| 000 | 00966nam0 2200265 45 | |
| 001 | 2638970486 | |
| 005 | 20260305105025.95 | |
| 010 | @a7-312-00502-0@dCNY8.20 | |
| 100 | @a19940204d1993 demy0chiy0121 ea | |
| 101 | 0 | @achi |
| 102 | @aCN@b110000 | |
| 105 | @ay z 000yy | |
| 200 | 10 | @a青少年Pascal语言程序设计@AQING SHAO NIAN Pascal YU YAN CHENG XU SHE JI@f殷新春,唐策善编著@FYIN XIN CHUN , TANG CE SHAN BIAN ZHU |
| 210 | @a合肥@c中国科学技术大学出版社@d1993.9 | |
| 215 | @a538页@d20cm | |
| 330 | @a本书介绍了标准Pascal语言的语法、语义、语用,阐述了计算机程序设计的方法与技巧、常用算法、基本数据结构、算法设计的基本方法,附有Turbo Pascal的使用方法。 | |
| 606 | @aPascal语言-程序设计@x普及读物 | |
| 606 | @a程序设计-Pascal语言@x普及读物 | |
| 606 | 0 | @a射流装置@x执行机构 |
| 690 | @aTP64@v4 | |
| 692 | @a73.87221 | |
| 701 | 0 | @a殷新春@AYIN XIN CHUN@4编著 |
| 701 | 0 | @a唐策善@ATANG CE SHAN@4编著 |
| 801 | 0 | @aCN@bTSSF@c19940204 |
| 905 | @aZUCC@dTP64@e75 | |
| 青少年Pascal语言程序设计/殷新春,唐策善编著.-合肥:中国科学技术大学出版社,1993.9 |
| 538页;20cm |
| ISBN 7-312-00502-0:CNY8.20 |
| 本书介绍了标准Pascal语言的语法、语义、语用,阐述了计算机程序设计的方法与技巧、常用算法、基本数据结构、算法设计的基本方法,附有Turbo Pascal的使用方法。 |
| ● |
| 相关链接 |
|
|
|
|
正题名:青少年Pascal语言程序设计
索取号:TP64/75
 
预约/预借
| 序号 | 登录号 | 条形码 | 馆藏地/架位号 | 状态 | 备注 |
| 1 | 1442157 | 214421570 | 第二样本阅览室/ [索取号:TP64/75] | 在馆 |